[Event "Vaujany Principal"]
[Site "?"]
[Date "2013.07.13"]
[Round "3.13"]
[White "Solozhenkin, Evgeniy"]
[Black "Houard, Sebastien"]
[Result "1-0"]
[WhiteElo "2458"]
[BlackElo "2100"]
[PlyCount "91"]
[SourceDate "2013.07.27"]

1. e4 e5 2. Nf3 Nc6 3. d4 exd4 4. Nxd4 Bc5 5. Nxc6 Qf6 6. Qd2 dxc6 7. Nc3 Be6
8. Na4 Rd8 9. Bd3 Bd4 10. O-O a6 11. Qa5 b6 12. Qh5 g6 13. Qe2 b5 14. Nc3 Ne7
15. a4 b4 16. Nd1 a5 17. c3 bxc3 18. bxc3 Bb6 19. Kh1 h5 20. f4 Bg4 21. Qc2 Qd6
22. Nb2 O-O 23. h3 Bc8 24. Be2 Qf6 25. Nc4 Ba7 26. Ba3 Qh4 27. f5 gxf5 28. exf5
Rfe8 29. Bxe7 Rxe7 30. Nxa5 Re3 31. Bf3 Rdd3 {Diagramme #} 32. Nxc6 Rxc3 33.
Qd2 Rxf3 34. Rxf3 Rxc6 35. Re1 Rd6 36. Re8+ Kh7 37. Qc2 Qf6 38. Rf1 Bb7 39. Qe2
Qh4 40. Kh2 Qg5 41. Qb2 Rd4 42. Qxb7 Bc5 43. Qb3 Qg7 44. f6 Qg6 45. Re7 Bd6+
46. Kh1 1-0

[Event "Vaujany Principal"]
[Site "?"]
[Date "2013.07.13"]
[Round "3.14"]
[White "Di Nicolantino, Lucas"]
[Black "Deleva, Mathias"]
[Result "1-0"]
[WhiteElo "2300"]
[BlackElo "2098"]
[PlyCount "85"]
[EventDate "2013.07.27"]
[SourceDate "2013.07.27"]

1. d4 e6 2. c4 Nf6 3. Nf3 c5 4. d5 b5 5. Bg5 exd5 6. cxd5 d6 7. e3 a6 8. a4 h6
9. Bxf6 Qxf6 10. axb5 Qxb2 11. Nbd2 Bb7 12. Rb1 Qa3 13. Bc4 Be7 14. O-O O-O 15.
bxa6 Bxa6 16. Qc2 Bxc4 17. Nxc4 Qa4 18. Qe4 Ra7 19. Nfd2 Re8 20. h3 Qd7 21. Qf4
Rd8 22. Rb6 Ra4 23. Rfb1 Na6 24. Rb7 Qe8 25. Qe4 Rd7 26. R7b6 Qd8 27. Qc2 Rxc4
28. Qxc4 Nb4 29. Qb5 Rc7 30. Rb8 Rc8 31. Rxc8 Qxc8 32. e4 Qa8 33. Nc4 Qa7 34.
Rf1 Kh7 35. e5 dxe5 36. d6 Bh4 37. Nxe5 Bxf2+ 38. Rxf2 Qa1+ 39. Rf1 Qd4+ 40.
Kh1 Qxe5 41. d7 Qd5 42. Qa4 Nd3 43. Qg4 1-0

[Event "Vaujany Principal"]
[Site "?"]
[Date "2013.07.13"]
[Round "3.15"]
[White "Ravot, Sylvain"]
[Black "Micottis, Dorian"]
[Result "1-0"]
[WhiteElo "2288"]
[BlackElo "2086"]
[PlyCount "39"]
[EventDate "2013.07.27"]
[SourceDate "2013.07.27"]

1. d4 Nf6 2. c4 g6 3. Nf3 Bg7 4. Nc3 d5 5. e3 O-O 6. b4 a5 7. b5 c5 8. Ba3 b6
9. dxc5 Ne4 10. Nxe4 Bxa1 11. cxd5 Bf5 12. Qxa1 Bxe4 13. c6 Bxd5 14. Qc3 Ra7
15. Bc4 Bxc4 16. Qxc4 Rc7 17. Qe4 Re8 18. Ke2 Qc8 19. Rc1 e5 20. Bd6 1-0

[Event "Vaujany Principal"]
[Site "?"]
[Date "2013.07.13"]
[Round "3.16"]
[White "Deleva, Michael"]
[Black "Gazikova, Veronika"]
[Result "0-1"]
[WhiteElo "2225"]
[BlackElo "2066"]
[PlyCount "110"]
[EventDate "2013.07.27"]
[SourceDate "2013.07.27"]

1. d4 Nf6 2. g3 d6 3. Bg2 g6 4. e4 Bg7 5. Nc3 e5 6. dxe5 dxe5 7. Qxd8+ Kxd8 8.
Nf3 Nbd7 9. h3 c6 10. a4 Re8 11. b3 Bf8 12. O-O Bb4 13. Na2 Bd6 14. Nd2 a5 15.
Nc4 Bc5 16. Bg5 Kc7 17. Rad1 b6 18. Nb2 Ba6 19. Nd3 Nh5 20. Nxc5 Nxc5 21. Rfe1
Ne6 22. Be3 Rad8 23. c3 Rxd1 24. Rxd1 Nc5 25. Nc1 Nf6 26. Bxc5 bxc5 27. f3 Nd7
28. Bf1 Bxf1 29. Kxf1 Rb8 30. Kf2 c4 31. bxc4 Nb6 32. c5 Nxa4 33. Nd3 Nxc3 34.
Ra1 a4 35. Ra3 Rb3 36. Rxb3 axb3 37. Ke1 f6 38. Kd2 Na4 39. h4 Kb7 40. g4 h6
41. g5 fxg5 42. hxg5 h5 43. Nxe5 h4 44. Ng4 h3 45. Nh2 Kc7 46. f4 Nxc5 47. Kc3
Nxe4+ 48. Kxb3 Kd6 49. Kc4 Ke6 50. Kd4 Kf5 51. Ke3 c5 52. Kf3 c4 53. Nf1 c3 54.
Ne3+ Ke6 55. Nc2 Kd5 0-1

[Event "Vaujany Principal"]
[Site "?"]
[Date "2013.07.13"]
[Round "3.17"]
[White "Adam, Gyorgy sr"]
[Black "Juhasz, Armin"]
[Result "1/2-1/2"]
[WhiteElo "2050"]
[BlackElo "2223"]
[PlyCount "72"]
[EventDate "2013.07.27"]
[SourceDate "2013.07.27"]

1. e4 c5 2. Nf3 d6 3. d4 cxd4 4. Nxd4 Nf6 5. Nc3 a6 6. a4 Nc6 7. a5 e6 8. Nxc6
bxc6 9. Bd3 Be7 10. O-O c5 11. Bf4 Qc7 12. Qe2 Bb7 13. e5 Qc6 14. f3 Nh5 15.
Bd2 c4 16. Bxc4 dxe5 17. b3 Rd8 18. Rad1 Qc5+ 19. Kh1 Nf4 20. Bxf4 (20. Na4)
20... exf4 21. Bxa6 Bxa6 22. Qxa6 Qxc3 23. Qb5+ Kf8 24. Rxd8+ Bxd8 25. a6 Bc7
26. a7 Ke7 27. Qa6 Qxc2 28. a8=Q Rxa8 29. Qxa8 Qxb3 30. Qa1 g6 31. Rb1 Qd5 32.
Qh8 h5 33. h3 Be5 34. Qc8 Kf6 35. Qh8+ Ke7 36. Qc8 Kf6 1/2-1/2

[Event "Vaujany Principal"]
[Site "?"]
[Date "2013.07.13"]
[Round "3.18"]
[White "Adda, Olivier"]
[Black "Boucquet, Emile"]
[Result "1-0"]
[WhiteElo "2129"]
[BlackElo "2045"]
[PlyCount "145"]
[EventDate "2013.07.27"]
[SourceDate "2013.07.27"]

1. e4 c5 2. c3 Nf6 3. e5 Nd5 4. d4 cxd4 5. Nf3 Nc6 6. Bc4 Nb6 7. Bb3 d5 8. exd6
e6 9. cxd4 Bxd6 10. Nc3 O-O 11. Bg5 Be7 12. Bxe7 Nxe7 13. O-O Bd7 14. Ne5 Bc6
15. Nxc6 bxc6 16. Qg4 Nbd5 17. Rad1 Nf6 18. Qh3 Qa5 19. Rd3 Qh5 20. Ne4 Qxh3
21. Nxf6+ gxf6 22. Rxh3 Rfd8 23. Rd1 Rd6 24. Bc2 Ng6 25. Kf1 Rad8 26. Rc3 Ne7
27. Rg3+ Ng6 28. h4 Kh8 29. h5 Nf4 30. h6 e5 31. Rg7 f5 32. Rxf7 Rxh6 33. f3
Rh1+ 34. Kf2 Rxd1 35. Bxd1 Rxd4 36. Bb3 Rd2+ 37. Kf1 Rxb2 38. Rxa7 Rb1+ 39. Kf2
Nd3+ 40. Kg3 Rh1 41. Be6 Rh5 42. Rf7 f4+ 43. Kg4 Rh6 44. Kf5 Rh5+ 45. Kf6 Rh6+
46. Ke7 Rh1 47. a4 Nc5 48. a5 Ra1 49. Bc8 Rxa5 50. Kf6 Kg8 51. Rg7+ Kf8 52.
Rxh7 Kg8 53. Re7 Kf8 54. Rxe5 Nb3 55. Rxa5 Nxa5 56. Ke5 Ke7 57. Kxf4 c5 58. Ke5
Nc4+ 59. Kf4 Nd6 60. Ba6 Kf6 61. Bd3 Nf7 62. g4 Ng5 63. Ke3 Ne6 64. f4 Nd4 65.
g5+ Ke6 66. Ke4 Kf7 67. f5 Nc6 68. Bc4+ Kg7 69. Bd5 Nd4 70. Ke5 Kh8 71. f6 Kh7
72. Be4+ Kg8 73. g6 1-0

[Event "Vaujany Principal"]
[Site "?"]
[Date "2013.07.13"]
[Round "3.26"]
[White "Grimm, Gyorgy"]
[Black "Dubois, Herve"]
[Result "1-0"]
[WhiteElo "2009"]
[BlackElo "1883"]
[PlyCount "69"]
[SourceDate "2013.07.27"]

1. e4 c5 2. Nf3 d6 3. d4 cxd4 4. Nxd4 Nf6 5. Nc3 a6 6. f3 e5 7. Nb3 Be6 8. Be3
Nbd7 9. Qd2 Be7 10. O-O-O O-O 11. g4 Nb6 (11... b5) 12. Kb1 Nfd7 (12... Rc8 13.
g5 Nfd7 (13... Nh5 14. Nd5 Bxd5 15. exd5) 14. Nd5 Bxd5 15. exd5) 13. h4 Rc8 (
13... Bxh4 14. Qh2 g5 15. Bxg5 Qxg5 16. Qxh4 Qxh4 17. Rxh4) 14. g5 Rxc3 15.
Qxc3 Na4 16. Qd2 (16. Qe1) 16... Qc7 17. f4 exf4 18. Bxf4 Rc8 19. Be2 Ne5 20.
Rc1 Bc4 21. Bxe5 Bxe2 (21... dxe5 22. Bxc4 Qxc4 23. Qd5 Qxd5 24. exd5 Rd8 25.
Rcd1 Nb6 26. Rhe1) 22. Qxe2 (22. Bxd6 Bxd6 23. Qxe2 Be5 24. c3 Bxc3 25. bxc3
Nxc3+ 26. Rxc3 Qxc3 27. Rc1) (22. Bxg7 Bf3 23. Rhe1 Kxg7 24. Qd4+ f6 25. gxf6+
Bxf6 26. Qxa4) 22... dxe5 23. Qd3 Rd8 24. Qf3 Nb6 25. Rhd1 Rc8 26. Rd3 Nc4 27.
Rcd1 Nd6 (27... Nxb2 28. Kxb2 Qxc2+ 29. Ka1) 28. c3 Rf8 29. Rd5 f5 30. Rxe5
fxe4 31. Qg4 Nc4 32. Rxe4 Nxb2 33. Kxb2 Rf2+ 34. Re2 Ba3+ 35. Kxa3 1-0

[Event "Vaujany Principal"]
[Site "?"]
[Date "2013.07.14"]
[Round "4.1"]
[White "Vovk, Andrey"]
[Black "Ardelean, George-Catalin"]
[Result "1-0"]
[WhiteElo "2567"]
[BlackElo "2502"]
[PlyCount "79"]
[SourceDate "2013.07.27"]

1. e4 c5 2. Nf3 d6 3. d4 cxd4 4. Nxd4 Nf6 5. Nc3 a6 6. Be3 e6 7. Be2 Qc7 8. g4
h6 9. f4 Be7 10. Bf3 Nc6 11. Qe2 Nxd4 12. Bxd4 e5 13. Be3 exf4 14. Bxf4 Be6 15.
O-O-O Nd7 16. Nd5 Bxd5 17. exd5 Kd8 18. h4 Bf6 19. g5 Be5 20. Be3 hxg5 21.
Bxg5+ Nf6 22. h5 Rc8 23. Rd3 Qc4 24. Kb1 Rc7 25. Qg2 Re7 26. Rh4 Qc7 27. Rb3
Ke8 28. a3 Kf8 29. Be2 Re8 30. Rf3 Nh7 31. Bc1 Qe7 32. Rh1 Bf6 33. Bd3 Qe5 34.
Rf5 Qd4 35. Rf4 Qc5 {Diagramme #} 36. h6 g5 37. Rxf6 Nxf6 38. Qxg5 Nd7 39. Qg7+
Ke7 40. Bg5+ 1-0

[Event "Vaujany Principal"]
[Site "?"]
[Date "2013.07.14"]
[Round "4.2"]
[White "Lobzhanidze, Davit"]
[Black "Joie, Sebastien"]
[Result "1/2-1/2"]
[WhiteElo "2453"]
[BlackElo "2387"]
[PlyCount "61"]
[SourceDate "2013.07.27"]

1. e4 e5 2. Nf3 Nc6 3. Bc4 Bc5 4. c3 Nf6 5. d3 a6 6. O-O Ba7 7. Bb3 d6 8. Be3
h6 9. Nbd2 O-O 10. h3 Re8 11. Re1 Bxe3 12. fxe3 Be6 13. d4 Bxb3 14. Qxb3 Qd7
15. Re2 Nd8 16. Qc2 Nh7 17. Rf1 Qe7 18. Qd1 Ng5 19. Qe1 Nxf3+ 20. Nxf3 Ne6 21.
Qg3 Ng5 22. Nd2 Nh7 23. Ref2 Rf8 24. h4 Qe6 25. b3 b5 26. d5 Qg6 27. Qxg6 fxg6
28. Rxf8+ Rxf8 29. Rc1 c5 30. dxc6 Rc8 31. c4 1/2-1/2

[Event "Vaujany Principal"]
[Site "?"]
[Date "2013.07.14"]
[Round "4.3"]
[White "Grimm, Daniel"]
[Black "Doncea, Vladimir"]
[Result "1/2-1/2"]
[WhiteElo "2275"]
[BlackElo "2423"]
[PlyCount "167"]
[SourceDate "2013.07.27"]

1. e4 c5 2. Nf3 e6 3. d4 cxd4 4. Nxd4 Nc6 5. Nb5 Nf6 6. N1c3 Bc5 7. Bf4 O-O 8.
Bd6 Qb6 9. Bxc5 Qxc5 10. Qd6 Qb6 11. Qc7 Qc5 12. Qd6 Qb6 13. Qc7 Qxc7 14. Nxc7
Rb8 15. N7b5 a6 16. Nd6 Ne8 17. O-O-O Nxd6 18. Rxd6 b5 19. a3 f5 20. exf5 Rxf5
21. f3 Ne5 22. Be2 Nf7 23. Rd4 d5 24. Bd3 Rf6 25. f4 Nd8 26. f5 Nc6 27. Rh4
exf5 28. Nxd5 Rd6 29. Nc3 Ne5 30. Rd1 Nxd3+ 31. Rxd3 Rxd3 32. cxd3 Bb7 33. g3
Rd8 34. Rf4 g6 35. Kd2 Kg7 36. a4 Bc6 37. axb5 axb5 38. b4 h6 39. Ke3 Kf6 40.
g4 Kg5 41. gxf5 gxf5 42. h4+ Kf6 43. d4 Re8+ 44. Kd3 Ke6 45. d5+ Bxd5 46. Nxb5
Be4+ 47. Ke3 Ke5 48. Nc3 Ra8 49. Nxe4 Ra3+ 50. Nc3 Rxc3+ 51. Kd2 Ra3 52. Rc4 f4
53. Ke2 Kf5 54. Rc6 h5 55. b5 Kg4 56. Rg6+ Kf5 57. Rc6 Kg4 58. Rg6+ Kxh4 59. b6
Rb3 60. Kf2 Kh3 61. Ke2 h4 62. Kf2 Kh2 63. Rg2+ Kh3 64. Rg6 f3 65. b7 Kh2 66.
b8=Q+ Rxb8 67. Kxf3 Rb2 68. Rh6 h3 69. Rh7 Rb8 70. Rg7 Rb2 71. Rh7 Ra2 72. Rh8
Rg2 73. Rh7 Rg8 74. Kf2 Rf8+ 75. Ke2 Kg3 76. Rg7+ Kh4 77. Rh7+ Kg4 78. Rg7+ Kh4
79. Rh7+ Kg3 80. Rg7+ Kh2 81. Rh7 Rf5 82. Rg7 Rf4 83. Rg8 Kh1 84. Rg7 1/2-1/2

[Event "Vaujany Principal"]
[Site "?"]
[Date "2013.07.14"]
[Round "4.4"]
[White "Carmaciu, Catalin"]
[Black "Van Foreest , Jorden"]
[Result "1-0"]
[WhiteElo "2416"]
[BlackElo "2276"]
[PlyCount "83"]
[SourceDate "2013.07.27"]

1. e4 e5 2. Nf3 Nc6 3. Bc4 Bc5 4. d3 Nf6 5. Bb3 O-O 6. h3 h6 7. Nbd2 a5 8. c3
Re8 9. O-O d5 10. Re1 dxe4 11. dxe4 Nh5 12. Nf1 Qf6 13. Ne3 Ne7 14. Nh2 Nf4 15.
Neg4 Qd6 16. Qf3 Neg6 17. g3 Nxh3+ 18. Kg2 Nhf4+ 19. Kh1 Bxg4 20. Nxg4 h5 21.
Ne3 Ne6 22. Qxh5 a4 23. Bc2 Qb6 24. Qg4 Nef8 25. Nd5 Qd6 26. Kg2 c6 27. Ne3 Ne7
28. Rh1 Qg6 29. Qf3 Ne6 30. Nf5 f6 31. b4 Bb6 32. Rh4 Ng5 33. Qg4 Nxf5 34. exf5
Qf7 35. Bxg5 fxg5 36. Rh5 Kf8 37. Qxg5 Qd5+ 38. Kg1 Qd6 39. Rd1 Qf6 40. Qxf6+
gxf6 41. Rd7 Kg8 42. Bd3 1-0

[Event "Vaujany Principal"]
[Site "?"]
[Date "2013.07.14"]
[Round "4.5"]
[White "Juhasz, Kristof"]
[Black "Foisor, Ovidiu-Doru"]
[Result "1/2-1/2"]
[WhiteElo "2292"]
[BlackElo "2400"]
[PlyCount "60"]
[SourceDate "2013.07.27"]

1. c4 g6 2. g3 Bg7 3. Bg2 c5 4. Nc3 Nc6 5. Nf3 e6 6. O-O Nge7 7. e3 O-O 8. d4
cxd4 9. Nxd4 d5 10. cxd5 Nxd4 11. exd4 Nxd5 12. Nxd5 exd5 13. Be3 Be6 14. Qb3
Qd7 15. Rfc1 Rfc8 16. h4 h5 17. Bf1 Rxc1 18. Rxc1 Rc8 19. Rc3 Rxc3 20. Qxc3 Qc8
21. Qxc8+ Bxc8 22. Bg2 Be6 23. Kf1 Kf8 24. Ke2 Ke7 25. Kd3 Kd6 26. Kc3 Kc6 27.
Bf1 Bf8 28. b4 b5 29. Bd3 Bg4 30. a3 a6 1/2-1/2

[Event "Vaujany Principal"]
[Site "?"]
[Date "2013.07.14"]
[Round "4.6"]
[White "Foisor, Cristina-Adela"]
[Black "Gazik, Igor"]
[Result "0-1"]
[WhiteElo "2387"]
[BlackElo "2319"]
[PlyCount "116"]
[SourceDate "2013.07.27"]

1. Nf3 f5 2. c4 Nf6 3. g3 g6 4. Bg2 Bg7 5. O-O O-O 6. d4 d6 7. Nc3 c6 8. d5 e5
9. dxe6 Bxe6 10. Bf4 Bxc4 11. Bxd6 Re8 12. Ba3 Qa5 13. Nd2 Be6 14. Nb3 Qb6 15.
Nc5 Bc8 16. Qd3 Qc7 17. Rac1 Qf7 18. b4 Nfd7 19. Nxd7 Nxd7 20. Bb2 Nb6 21. b5
Bd7 22. bxc6 Bxc6 23. Bxc6 bxc6 24. Rfd1 Bf6 25. Qc2 Rac8 26. Na4 Bxb2 27. Nxb6
Bxc1 28. Nxc8 Rxc8 29. Rxc1 c5 30. Qc4 Qxc4 31. Rxc4 Kf7 32. Kf1 Ke6 33. Ke1
Kd5 34. Ra4 Rc7 35. Kd2 Kc6 36. g4 Kb5 37. Rf4 fxg4 38. Rxg4 Rf7 39. f3 a5 40.
a4+ Kc6 41. h4 Rb7 42. h5 gxh5 43. Rh4 Rb4 44. Rxh5 Rxa4 45. Rxh7 {Diagramme #}
Kb5 46. e4 Kc4 47. Ke3 Ra1 48. Rh2 a4 49. Rc2+ Kb5 50. Kd3 a3 51. Kc3 c4 52. e5
Rf1 53. Re2 Rxf3+ 54. Kc2 Rb3 55. Re1 Kb4 56. Ra1 Rb2+ 57. Kc1 Kb3 58. e6 a2
0-1

[Event "Vaujany Principal"]
[Site "?"]
[Date "2013.07.14"]
[Round "4.7"]
[White "Di Nicolantonio, Lucas"]
[Black "Horvath, Jozsef"]
[Result "1/2-1/2"]
[WhiteElo "2300"]
[BlackElo "2516"]
[PlyCount "71"]
[SourceDate "2013.07.27"]

1. e4 c5 2. Nf3 Nc6 3. c3 d5 4. exd5 Qxd5 5. d4 e6 6. Be2 Nf6 7. O-O cxd4 8.
cxd4 (8. Nxd4) 8... Be7 9. Nc3 Qd6 10. Nb5 Qd8 11. Bf4 Nd5 12. Bg3 a6 13. Nc3
Nf6 14. Rc1 O-O 15. a3 Nh5 (15... b6 16. Qb3 (16. d5) 16... Bb7 17. Rfd1 b5 18.
Qa2 Qb6) 16. d5 Nxg3 17. hxg3 exd5 18. Nxd5 Bf6 (18... Be6 19. Nxe7+ Qxe7 20.
Nd4 Nxd4 21. Qxd4 Rad8 22. Qb6) 19. Qb3 $1 Na5 (19... Bxb2 20. Rcd1) 20. Nxf6+
Qxf6 21. Qc3 Qxc3 22. Rxc3 Nc6 (22... Bg4 23. Rc7 Rfe8 (23... Rac8 24. Rfc1
Rxc7 25. Rxc7 Rc8 26. Rxc8+ Bxc8 27. Nd4)) 23. Bc4 Be6 $138 24. Bxe6 fxe6 25.
Re1 Rad8 26. Rxe6 Rf5 27. Re1 h6 28. Rce3 Kf7 (28... Rb5 29. Re8+ Rxe8 30.
Rxe8+ Kf7 31. Re2) 29. g4 Rb5 30. b4 a5 31. bxa5 Rxa5 32. Nh4 Ra4 (32... Rd7
33. Rf3+ Kg8 34. Re8+ Kh7 35. Rff8) 33. Rb1 Rd7 34. Reb3 Na5 35. Rf3+ Kg8 36.
Rb5 1/2-1/2

[Event "Vaujany Principal"]
[Site "?"]
[Date "2013.07.14"]
[Round "4.9"]
[White "Ninov, Nikolai"]
[Black "Adda, Olivier"]
[Result "1/2-1/2"]
[WhiteElo "2481"]
[BlackElo "2132"]
[PlyCount "77"]
[SourceDate "2013.07.27"]

1. e4 e5 2. Nf3 Nc6 3. Bb5 a6 4. Ba4 Nf6 5. O-O b5 6. Bb3 Bb7 7. Qe2 Bc5 8. c3
O-O 9. Rd1 d6 10. a4 Bb6 11. d3 h6 12. Na3 Re8 13. Bd2 d5 14. axb5 axb5 15.
Nxb5 Rxa1 16. Rxa1 dxe4 17. dxe4 Na5 18. Bc2 Bc6 19. Na3 Nb7 20. Nc4 Bb5 21.
Ba4 Bxa4 22. Rxa4 Nc5 23. Nxb6 cxb6 24. Rb4 Re6 25. Be1 Qd3 26. Qxd3 Nxd3 27.
Rc4 Nxb2 28. Rc8+ Kh7 29. Nd2 Nd3 30. Kf1 b5 31. Rd8 Nxe1 32. Kxe1 Rc6 33. Rd3
Ne8 34. Ke2 Nc7 35. Nf3 f6 36. Ne1 Rc4 37. f3 Ne6 38. Kd2 b4 39. cxb4 1/2-1/2

[Event "Vaujany Principal"]
[Site "?"]
[Date "2013.07.14"]
[Round "4.10"]
[White "Veys, Vincent"]
[Black "Solozhenkin, Evgeniy"]
[Result "0-1"]
[WhiteElo "2129"]
[BlackElo "2458"]
[PlyCount "70"]
[SourceDate "2013.07.27"]

1. e4 d6 2. d4 Nf6 3. Nc3 g6 4. f4 Bg7 5. a3 O-O 6. Nf3 c5 7. dxc5 Qa5 8. b4
Qc7 9. Bb2 dxc5 10. e5 Nh5 11. Nd5 Qd8 12. g3 cxb4 13. axb4 e6 14. Nc3 Qe7 15.
Qd6 Qxd6 16. exd6 b6 17. Be2 Bb7 18. O-O Nc6 19. b5 Nd4 20. Ne5 Rfd8 21. Bxh5
gxh5 22. Rad1 Rxd6 23. Ba3 Rdd8 24. Be7 {Diagramme #} Bxe5 25. Bxd8 Bg7 26. Be7
Re8 27. Bd6 Nf3+ 28. Rxf3 Bxf3 29. Rd3 Bb7 30. Bb4 Rc8 31. Na4 Be4 32. Rd7 Bxc2
33. Rxa7 Bd4+ 34. Kg2 Be4+ 35. Kh3 Rc2 0-1

[Event "Vaujany Principal"]
[Site "?"]
[Date "2013.07.14"]
[Round "4.11"]
[White "Gazikova, Veronika"]
[Black "Olivier, Jean-Christophe"]
[Result "0-1"]
[WhiteElo "2066"]
[BlackElo "2350"]
[PlyCount "76"]
[SourceDate "2013.07.27"]

1. e4 c5 2. Nc3 e6 3. f4 a6 4. a4 Nc6 5. Nf3 d5 6. d3 Nf6 7. Be2 Be7 8. O-O O-O
9. e5 Nd7 10. Qe1 f6 11. Qg3 Qc7 12. f5 Ndxe5 13. fxe6 Bxe6 14. Bf4 Bd6 15. Kh1
Rad8 16. Rae1 Ng6 17. Bxd6 Qxd6 18. Qxd6 Rxd6 19. Bd1 Bf7 20. Ne2 d4 21. Ng3
Rdd8 22. Nd2 Rfe8 23. Nde4 Re5 24. Nf5 b6 25. b3 Bd5 26. Ned6 Nh4 27. Nxh4 Rxd6
28. Bf3 Bxf3 29. Nxf3 Ree6 30. Nd2 Nb4 31. Rc1 Re2 32. Nc4 Rde6 33. Na3 Nd5 34.
Nc4 b5 35. axb5 axb5 36. Na3 Nc3 37. h3 Ra6 38. Ra1 Re8 0-1

[Event "Vaujany Principal"]
[Site "?"]
[Date "2013.07.14"]
[Round "4.12"]
[White "Antoine, Jean-Luc"]
[Black "Schoorl, Rob"]
[Result "0-1"]
[WhiteElo "2028"]
[BlackElo "2340"]
[PlyCount "40"]
[SourceDate "2013.07.27"]

1. c4 c6 2. d4 d5 3. cxd5 cxd5 4. Nc3 Nf6 5. Nf3 Nc6 6. Bf4 Nh5 7. Bd2 e6 8. e3
Nf6 9. Bd3 Bd6 10. O-O O-O 11. Rc1 e5 12. dxe5 Nxe5 13. Nxe5 Bxe5 14. Na4 Qe7
15. Bc3 Rd8 16. Re1 Bd6 17. Bd4 Ne4 18. f3 {Diagramme #} Bxh2+ 19. Kxh2 Qh4+
20. Kg1 Qf2+ 0-1

[Event "Vaujany Principal"]
[Site "?"]
[Date "2013.07.14"]
[Round "4.13"]
[White "Foisor, Sabina Francesco"]
[Black "Soyer, Jean Yves"]
[Result "1/2-1/2"]
[WhiteElo "2281"]
[BlackElo "2076"]
[PlyCount "105"]
[EventDate "2013.07.27"]
[SourceDate "2013.07.27"]

1. d4 Nf6 2. c4 c5 3. d5 b5 4. cxb5 a6 5. bxa6 g6 6. Nc3 Bxa6 7. g3 d6 8. Bg2
Bg7 9. Nf3 Nbd7 10. Rb1 O-O 11. O-O Qa5 12. Bd2 Bb7 13. Qc2 Qa7 14. e4 Ba6 15.
Rfd1 Ng4 16. Be1 Rfb8 17. b3 Nge5 18. a4 Rb7 19. Na2 Rc7 20. Nc1 Nxf3+ 21. Bxf3
Ne5 22. Bg2 Bc8 23. h3 c4 24. a5 cxb3 25. Qxb3 Nc4 26. Nd3 Nxa5 27. Bxa5 Qxa5
28. e5 Bf5 29. Ra1 Qxa1 30. Rxa1 Rxa1+ 31. Kh2 dxe5 32. Nb4 Bf6 33. Nc6 Kg7 34.
Qb8 Rc8 35. Qb7 Rb1 36. Qa7 Re8 37. Qe3 e4 38. g4 Bd7 39. g5 Ba1 40. Qxe4 Bf5
41. Qe3 Kf8 42. Qa3 Re1 43. Qa5 Rb1 44. Bf3 Bg7 45. Kg2 h6 46. h4 hxg5 47. hxg5
Rb7 48. Qc5 Rd7 49. Qb4 Kg8 50. Nb8 Rdd8 51. Nc6 Rd7 52. Nb8 Rdd8 53. Nc6
1/2-1/2

[Event "Vaujany Principal"]
[Site "?"]
[Date "2013.07.14"]
[Round "4.15"]
[White "Van Foorest, Lucas"]
[Black "Kormos, Adam"]
[Result "1/2-1/2"]
[WhiteElo "2002"]
[BlackElo "2211"]
[PlyCount "111"]
[EventDate "2013.07.27"]
[SourceDate "2013.07.27"]

1. d4 Nf6 2. c4 g6 3. Nf3 Bg7 4. Nc3 d5 5. cxd5 Nxd5 6. e4 Nxc3 7. bxc3 c5 8.
Be3 Nc6 9. Be2 Bg4 10. e5 cxd4 11. cxd4 O-O 12. O-O Qd7 13. Qd2 Rfd8 14. Rfd1
Rac8 15. h3 Be6 16. Ng5 Bd5 17. Bg4 e6 18. Bf3 Qe7 19. Bxd5 Rxd5 20. Qc3 Qd7
21. Rdc1 Rd8 22. Nf3 f6 23. exf6 Bxf6 24. Rab1 Nxd4 25. Bxd4 Bxd4 26. Nxd4 Rxd4
27. Re1 b6 28. Qb3 Rd5 29. Rb2 Rd1 30. Rbe2 Rxe1+ 31. Rxe1 Re8 32. Re5 Qc6 33.
Qe3 Qc4 34. a4 Qxa4 35. Rxe6 Kf7 36. Rxe8 Qxe8 37. Qf4+ Ke6 38. Qe4+ Kd7 39.
Qa4+ Kd8 40. Qxa7 Qe1+ 41. Kh2 Qxf2 42. Qxh7 Qf4+ 43. Kh1 Qc1+ 44. Kh2 Qc7+ 45.
Qxc7+ Kxc7 46. Kg3 Kd6 47. Kf4 b5 48. h4 b4 49. Ke4 b3 50. Kd3 Ke5 51. g4 Kf4
52. h5 gxh5 53. gxh5 b2 54. Kc2 Kg5 55. Kb1 Kxh5 56. Kxb2 1/2-1/2

[Event "Vaujany Principal"]
[Site "?"]
[Date "2013.07.14"]
[Round "4.16"]
[White "Boucquet, Emile"]
[Black "Deleva, Michael"]
[Result "0-1"]
[WhiteElo "2045"]
[BlackElo "2225"]
[PlyCount "176"]
[EventDate "2013.07.27"]
[SourceDate "2013.07.27"]

1. d4 d6 2. c4 e5 3. d5 f5 4. Nc3 Nf6 5. f3 Be7 6. e4 O-O 7. Bd3 fxe4 8. Bxe4
Nxe4 9. Nxe4 Bf5 10. Be3 Bxe4 11. fxe4 Bh4+ 12. g3 Bg5 13. Qd2 Bxe3 14. Qxe3
Nd7 15. Nh3 a5 16. O-O-O Nc5 17. Nf2 Qf6 18. Nd3 Nxd3+ 19. Qxd3 Qh6+ 20. Qd2
Qh3 21. Rde1 Rf6 22. Re2 Qd7 23. Rf2 Rxf2 24. Qxf2 Rf8 25. Qe2 Qh3 26. Rg1 Rf6
27. Rg2 Qh6+ 28. Kc2 Qg6 29. Kd3 Qf7 30. Ke3 c6 31. Rf2 cxd5 32. cxd5 Rxf2 33.
Qxf2 {(=)} Qc7 34. Kd3 Qc1 35. Qc2 Qf1+ 36. Qe2 Qg1 37. Qc2 Qd4+ 38. Ke2 h5 39.
h4 Kh7 40. Kf3 a4 41. a3 b6 42. Kg2 Qe3 43. Qxa4 Qe2+ 44. Kg1 Qf3 45. Kh2 Qf2+
46. Kh3 Qg1 47. Qc2 Qh1+ 48. Qh2 Qxe4 49. Qg2 Qd3 50. b4 e4 51. a4 Qxd5 52. a5
bxa5 53. bxa5 Qa8 54. a6 g6 55. Qa2 e3 56. Qf7+ Kh6 57. Qb7 Qe8 58. a7 e2 59.
a8=Q e1=Q 60. Qxe8 Qxe8 61. Qb6 Qd7+ 62. Kg2 Kh7 63. Kh2 Qe7 64. Kg2 Qe2+ 65.
Kg1 Qe7 66. Kh2 Kg7 67. Qd4+ Qe5 68. Qa7+ Kf6 69. Qf2+ Ke6 70. Qf8 Qe2+ 71. Kg1
Qd1+ 72. Kg2 Qc2+ 73. Kg1 Qf5 74. Qc8+ Kf6 75. Qh8+ Kf7 76. Qh7+ Ke6 77. Qg8+
Ke5 78. Qe8+ Qe6 79. Qb5+ d5 80. Qe2+ {(=)} Kf6 81. Qb2+ Qe5 82. Qb6+ Kf5 83.
Qf2+ Kg4 84. Kh2 d4 85. Qg1 d3 86. Qf2 Qe2 87. Kh1 Kh3 88. Kg1 Qd1+ 0-1

[Event "Vaujany Principal"]
[Site "?"]
[Date "2013.07.14"]
[Round "4.19"]
[White "Prost, Frederic"]
[Black "Grimm, Gyorgy"]
[Result "1-0"]
[WhiteElo "2128"]
[BlackElo "2009"]
[PlyCount "149"]
[EventDate "2013.07.27"]
[SourceDate "2013.07.27"]

1. c4 c6 2. Nf3 d5 3. g3 Nf6 4. Bg2 e6 5. O-O Bd6 6. d4 O-O 7. Nc3 Nbd7 8. Qc2
b6 9. e4 dxe4 10. Nxe4 Nxe4 11. Qxe4 Bb7 12. Ne5 Rc8 13. Bf4 Qc7 14. Rac1 Bxe5
15. Bxe5 Nxe5 16. dxe5 Rfd8 17. Rfd1 Rxd1+ 18. Rxd1 Rd8 19. Qc2 h6 20. f4 Qe7
21. Be4 Kf8 22. b4 Ke8 23. a3 a5 24. Rxd8+ Kxd8 25. Qd2+ Kc7 26. Kf2 axb4 27.
axb4 Ba6 28. Qa2 Bb7 29. Qd2 Ba6 30. Qa2 Bb7 31. c5 bxc5 32. Qa5+ Kc8 33. Qxc5
Qxc5+ 34. bxc5 Kd7 35. Bd3 Kc7 36. Ke3 g6 37. h4 h5 38. Be2 Kd7 39. Kd4 Kc7 40.
Kc3 Kb8 41. g4 hxg4 42. Bxg4 Ba6 43. h5 gxh5 44. Bxh5 Bf1 45. Bxf7 Bh3 46. Bg6
Kc7 47. Be4 Kd7 48. Kd4 Bf1 49. Kc3 Bh3 50. Kb4 Kc7 51. Ka5 Bg4 52. Kb4 Kd7 53.
Kc3 Be2 54. Kd2 Bb5 55. Ke3 Ke7 56. Kd4 Kd7 57. Kc3 Be2 58. f5 exf5 59. Bxf5+
Ke7 60. Kb4 Bf3 61. Ka5 Bd5 62. Kb6 Kd8 63. Kb7 Bf3 64. Bc8 Bd5 65. e6 Bc4 66.
Bd7 Bd5 67. Kb6 Ke7 68. Kc7 Bb3 69. Kxc6 Ba4+ 70. Kc7 Bb3 71. c6 Bd5 72. Kb6
Bxc6 73. Kxc6 Kd8 74. Kb7 Ke7 75. Kc8 1-0

[Event "Vaujany Principal"]
[Site "?"]
[Date "2013.07.14"]
[Round "4.22"]
[White "De Lagontrie, Jean"]
[Black "Brzezinski, Adam"]
[Result "0-1"]
[WhiteElo "1911"]
[BlackElo "2112"]
[PlyCount "58"]
[SourceDate "2013.07.27"]

1. d4 d5 2. c4 e5 3. dxe5 d4 4. Nf3 Nc6 5. g3 Bg4 6. Bg2 Qd7 7. O-O O-O-O 8.
Nbd2 Nge7 9. Qa4 Ng6 10. b4 Kb8 11. b5 Ncxe5 12. Rb1 Bf5 13. Nxe5 Nxe5 14. Rb2
Qd6 15. Qb3 d3 16. e3 h5 17. h4 g5 18. hxg5 h4 19. f4 Ng4 20. Nf3 h3 21. Bh1
h2+ 22. Nxh2 Nxh2 23. Rxh2 Rxh2 24. Kxh2 d2 25. Bd5 dxc1=Q 26. Rxc1 Qc5 27. Re1
Bg7 28. Kg2 {Diagramme #} Rxd5 29. cxd5 Bc2 0-1